<?xml version="1.0" encoding="UTF-8"?>
<record
    xmlns:xsi="http://www.w3.org/2001/XMLSchema-instance"
    xsi:schemaLocation="http://www.loc.gov/MARC21/slim http://www.loc.gov/standards/marcxml/schema/MARC21slim.xsd"
    xmlns="http://www.loc.gov/MARC21/slim">

  <leader>06862nam a22004337a 4500</leader>
  <controlfield tag="001">BRCA_8526</controlfield>
  <controlfield tag="002">W-42</controlfield>
  <controlfield tag="003">FranzMayer</controlfield>
  <controlfield tag="005">20260601172423.0</controlfield>
  <controlfield tag="006">aa|||fr|||| 001 0c</controlfield>
  <controlfield tag="007">ta</controlfield>
  <controlfield tag="008">260525s1647    fr a|||fr|||| 001 0cfre d</controlfield>
  <datafield tag="040" ind1=" " ind2=" ">
    <subfield code="a">BMFM</subfield>
    <subfield code="b">spa</subfield>
  </datafield>
  <datafield tag="041" ind1="0" ind2=" ">
    <subfield code="a">fre</subfield>
  </datafield>
  <datafield tag="050" ind1=" " ind2="0">
    <subfield code="a">G920</subfield>
    <subfield code="b">.M69  1647</subfield>
  </datafield>
  <datafield tag="100" ind1="1" ind2=" ">
    <subfield code="a">Le Moyne, Pierre</subfield>
    <subfield code="d">(1602-1671)</subfield>
    <subfield code="e">autor</subfield>
    <subfield code="9">30196</subfield>
  </datafield>
  <datafield tag="245" ind1="1" ind2="3">
    <subfield code="a">La gallerie des femmes fortes; par le P. Pierre Le Moyne de la Compagnie de Iesvs /</subfield>
    <subfield code="c">Pierre Le Moyne</subfield>
  </datafield>
  <datafield tag="246" ind1="1" ind2="0">
    <subfield code="a">La gallerie des femmes fortes</subfield>
  </datafield>
  <datafield tag="260" ind1=" " ind2=" ">
    <subfield code="a">Paris, Francia :</subfield>
    <subfield code="b">Antoine de Sommaville, au Palais en la Salle des Merciers, &#xE0; l&#xB4;Efcu de France (Antoine de Sommaville, en el Palacio de la Sala de los Merciers, en el Efcu de France), </subfield>
    <subfield code="c">1647</subfield>
  </datafield>
  <datafield tag="300" ind1=" " ind2=" ">
    <subfield code="a">[64], 378, [20] p&#xE1;ginas :</subfield>
    <subfield code="b">Calcograf&#xED;as ;</subfield>
    <subfield code="c">40 x 27.4 x 5 cm</subfield>
  </datafield>
  <datafield tag="500" ind1=" " ind2=" ">
    <subfield code="a">Fecha completa de la obra : 01-04-1647
</subfield>
  </datafield>
  <datafield tag="520" ind1="3" ind2=" ">
    <subfield code="a">Publicada en 1647 en Par&#xED;s por Antoine de Sommaville y escrita por Pierre Le Moyne, esta obra presenta una colecci&#xF3;n ilustrada con la vida de 21 mujeres notables a lo largo de la historia, desde la Antig&#xFC;edad hasta mediados del siglo XVII.  
Dedicada a Ana de Austria, el libro combina grabados &#x2013;firmados por artistas como Charles Audran, Gilles Rousselet y Abraham Bosse sobre dise&#xF1;os de Pietro da Cortona y Claude Vignon&#x2013; con sonetos, elogios y reflexiones morales sobre mujeres que Le Moyne consider&#xF3; figuras ejemplares y modelos de virtud (jud&#xED;as, b&#xE1;rbaras, romanas y cristianas) para la sociedad femenina cat&#xF3;lica de la &#xE9;poca. Incluyendo a exploradoras, militantes, artistas y escritoras cuyas acciones marcaron la historia europea. Entre ellas figuran: Judith, Salom&#xE9;, D&#xE9;borah, Monime, Z&#xE9;nobie, Artemisia, Lucrecia, Porcia, Isabel de Castilla y Juana de Arco.</subfield>
    <subfield code="b">La obra sigue una estructura meticulosa y atractiva: cada cap&#xED;tulo inicia con un grabado que representa a la protagonista, seguido de una rese&#xF1;a sobre su vida y logros. A continuaci&#xF3;n, se incluye un soneto dedicado, un elogio de sus virtudes, reflexiones morales, una pregunta &#xE9;tica para el lector y, finalmente, un ejemplo pr&#xE1;ctico que invitaba a reflexionar sobre su legado. Esta combinaci&#xF3;n de biograf&#xED;as, poes&#xED;a, reflexi&#xF3;n moral y ejemplaridad convierten el libro en un testimonio &#xFA;nico del reconocimiento del papel de las mujeres en la sociedad barroca.</subfield>
  </datafield>
  <datafield tag="563" ind1=" " ind2=" ">
    <subfield code="a">Otras referencias f&#xED;sicas: Encuadernaci&#xF3;n entera en pergamino. El papel del cuerpo del libro est&#xE1; formado por pulpa de trapo, hecho a mano, con marcas de verjurado y marcas de agua. El cuerpo del libro est&#xE1; formado por cuadernillos unidos mediante costura alternada sobre cinco soportes elevados y sencillos de piel alumada; las prolongaciones de los soportes se usaron para unir el cuerpo a la cartera. Contraguarda anterior repuesta; debajo est&#xE1;n los restos de la contraguarda previa. Lomera redonda. Endoses aparentemente de papel en todos los paneles. Cabezadas tejidas con hilo verde. Cantos refinados; canto de cabeza pulido. Soportes de las tapas de cart&#xF3;n. Cartera decorada; ambas tapas tienen aplicaciones de repujado entre las que est&#xE1;n las punteras; la tapa anterior est&#xE1; mucho m&#xE1;s decorada que la posterior. Hay un r&#xF3;tulo con el t&#xED;tulo en la casilla 1 del lomo. Texto impreso. Anotaci&#xF3;n en tinta ferrog&#xE1;lica en la portada</subfield>
  </datafield>
  <datafield tag="591" ind1=" " ind2=" ">
    <subfield code="a">Estado de Conservaci&#xF3;n: Bueno</subfield>
  </datafield>
  <datafield tag="591" ind1=" " ind2=" ">
    <subfield code="b">Descripci&#xF3;n de conservaci&#xF3;n: Intervenido. Contraguarda anterior repuesta, refuerzo en la ca&#xF1;uela anterior, hojas con injertos. Suciedad, rotura en ca&#xF1;uela anterior, cofia de cabeza rota</subfield>
  </datafield>
  <datafield tag="592" ind1=" " ind2=" ">
    <subfield code="a">Marcas Adicionales: Nota manuscrita en las guardas: "07.169.116". Notas manuscritas con grafito y tinta en la portada. Marca topografica del escudo real de francia en la portada.  Frontispicio firmado por Karol Audran. Dedicatoria a la reina Ana de Austria  por Pierre Le Moyne, (p&#xE1;ginas [1] - [16]). Verso dedicado a la reina (p&#xE1;ginas [17] - [37]). Incluye un soneto (p&#xE1;gina [38]). Dos odas dedicadas a las mujeres fuertes (p&#xE1;ginas [47]-[64]). Incluye: &lt;&lt;Table peintures, des questions morales, et des exemples.&gt;&gt; (p&#xE1;gina 1-2).  Incluye: &lt;&lt; Table des matieres principales contenues en ce livre&gt;&gt; ( pa&#xE1;ginas [12] - [19]). Incluye un extracto del privilegio del rey: &lt;&lt;Par grace &amp; priuilege deu Roy donn&#xE9; &#xE0; Paris le 7. d&#xB4;Aouft 1646. fign&#xE9;, Par le Roy en son Conseil, Ceberet, il est permis au P. Pierre Le Moyne religieux de la Compagnie de Iesus, de faire imprimer un Liure qu&#xB4;il a compos&#xE9;, intitul&#xE9; : La Gallerie des Femmes Fortes, &amp; ce durant le temps de douze ans,  &#xE0;  compter du iour que ledit Liure sera acheu&#xE9; d&#xB4; imprimer : Et desenses sont saites &#xE0;  tous autres de contresaire ledit Liure, ny aucunes des Figures contenu&#xEB;s en iceluy, ny mesme en vendre ou distribuer de contresaits, sur peine de quatre mil liures d&#xB4;amende, &amp; autres peines mentionn&#xE9;es esdites Lettres, qui sont tenu&#xEB;s en vetru de present Extrait, pour bien&amp; deu&#xEB;ment signifi&#xE9;es. 
Et ledit P. le Moyne a ced&#xE9; ... transport&#xE9; le dront qu&#xB4;il a au Privilige cy-dessus datt&#xE9;, &#xE0; Antoine Sommauille, Marchand Libraire &#xE0; Paris, pour en iouyr selon sa forme ... teneur, suiuant l&#xB4;accord fait entre eux. 
Les Exemplaires ont est&#xE9; fournis
Acheu&#xE9; d&#xB4;imprimer le huicti&#xE9;me d&#xB4;Auril 1647.&gt;&gt; ( p&#xE1;gina [20]). Incluye: &lt;&lt;Permission dv R. P. Provincial&gt;&gt; : &lt;&lt; Je Estienne Charlet, Prouincial de la Compagnie de Iesvs. suiuant le Priuilege qui nous a est&#xE9; octroy&#xE9; par les Roys tres-Chrestiens Henry III. le 10. May 1583. Henry IV. le 20. Decembre 1603. &amp; Louis XIII, le 14 Feurier 1612. Par lequel il est defendu  &#xE0;  tous Libraires, d&#xB4;imprimer aucun Liure de ceux qui sont composez par quelqu&#xB4;vn de nostre Compagniem sans permission des Superieurs d&#xB4;icelle : Permets &#xE0; Antonie Sommaurlle Marchand Libraire &#xE0; Paris, de pouuoir imprimer pour douze ans, La Gallerie des Femmes Fortes, compos&#xE9; par le P. Pierre de Moyne, Religieux de la mesme Compagnie. En foy dequoy i&#xB4;ay fign&#xE9; la presente, &#xE0; Paris le I d&#xB4;Auril 1647.
Estienne Charlet.&gt;&gt;  (p&#xE1;gina [20]). Incluye 14 calcograf&#xED;as</subfield>
  </datafield>
  <datafield tag="650" ind1="1" ind2="0">
    <subfield code="a">Women (Gallery)</subfield>
    <subfield code="9">30197</subfield>
  </datafield>
  <datafield tag="650" ind1="1" ind2="0">
    <subfield code="a">Women</subfield>
    <subfield code="x">History</subfield>
    <subfield code="9">30198</subfield>
  </datafield>
  <datafield tag="700" ind1="1" ind2=" ">
    <subfield code="a">Sommaville, Antoine de III,</subfield>
    <subfield code="d">(1597-1664), </subfield>
    <subfield code="e">editor</subfield>
    <subfield code="9">34810</subfield>
  </datafield>
  <datafield tag="700" ind1="1" ind2=" ">
    <subfield code="a">da Cortona, Pietro,  </subfield>
    <subfield code="d">(1597-1669),</subfield>
    <subfield code="e">grabador y dise&#xF1;ador (frontispicio)</subfield>
    <subfield code="9">30199</subfield>
  </datafield>
  <datafield tag="700" ind1="1" ind2=" ">
    <subfield code="a">Audran, Charles, </subfield>
    <subfield code="d">(1594-1674),</subfield>
    <subfield code="e">grabador (frontispicio)</subfield>
    <subfield code="9">30193</subfield>
  </datafield>
  <datafield tag="700" ind1="1" ind2=" ">
    <subfield code="a">Rousselet, Gilles, </subfield>
    <subfield code="d">(1610-1686), </subfield>
    <subfield code="e">grabador (figuras principales)</subfield>
    <subfield code="9">30200</subfield>
  </datafield>
  <datafield tag="700" ind1="1" ind2=" ">
    <subfield code="a">Bosse, Abraham, </subfield>
    <subfield code="d">(1602-1676), </subfield>
    <subfield code="e">grabador (fondos)</subfield>
    <subfield code="9">30201</subfield>
  </datafield>
  <datafield tag="700" ind1="1" ind2=" ">
    <subfield code="a">Vignon, Claude, </subfield>
    <subfield code="d">1593-1670, </subfield>
    <subfield code="e">dise&#xF1;ador (fondos)</subfield>
    <subfield code="9">30202</subfield>
  </datafield>
  <datafield tag="856" ind1="4" ind2="1">
    <subfield code="q">TIFF//PDF</subfield>
    <subfield code="u">https://bibliotecadigital.franzmayer.org.mx/items/2deb017c-c569-4334-a5ff-6d503f5edef4</subfield>
    <subfield code="y">Biblioteca Digital Franz Mayer</subfield>
  </datafield>
  <datafield tag="902" ind1=" " ind2=" ">
    <subfield code="a">KH</subfield>
    <subfield code="a">FM</subfield>
    <subfield code="a">TV</subfield>
  </datafield>
  <datafield tag="942" ind1=" " ind2=" ">
    <subfield code="c">B</subfield>
    <subfield code="2">lcc</subfield>
  </datafield>
  <datafield tag="960" ind1=" " ind2=" ">
    <subfield code="a">CS-L2-N1</subfield>
  </datafield>
  <datafield tag="999" ind1=" " ind2=" ">
    <subfield code="c">11114</subfield>
    <subfield code="d">11114</subfield>
  </datafield>
  <datafield tag="952" ind1=" " ind2=" ">
    <subfield code="a">BRCA</subfield>
    <subfield code="b">BRCA</subfield>
    <subfield code="d">2026-05-25</subfield>
    <subfield code="f">CS-L2-N1</subfield>
    <subfield code="i">W-42 </subfield>
    <subfield code="l">0</subfield>
    <subfield code="o">G920 .M69  1647  (W-42)</subfield>
    <subfield code="p">LAR00033</subfield>
    <subfield code="r">2026-05-25 19:16:00</subfield>
    <subfield code="w">2026-05-25</subfield>
    <subfield code="y">B</subfield>
    <subfield code="0">0</subfield>
    <subfield code="1">0</subfield>
    <subfield code="2">lcc</subfield>
    <subfield code="5">2</subfield>
    <subfield code="7">0</subfield>
    <subfield code="8">LAR</subfield>
  </datafield>
</record>
